Digitalizácia verejných financií v zahraničí a na Slovensku

Verejné financie predstavujú základný nástroj na dosahovanie hospodárskej a sociálnej stability štátu. Ich efektívne riadenie je však čoraz náročnejšie v kontexte globálnych ekonomických výziev, ako sú klimatické zmeny, starnutie populácie a technologické inovácie. Klasické prístupy k alokácii verej...

Descrizione completa

Salvato in:
Dettagli Bibliografici
Autore principale: Malinovský, Tomáš, 1997-
Natura: Capitolo di libro
Lingua:slovacco
Soggetti:
Tags: Aggiungi Tag
Nessun Tag, puoi essere il primo ad aggiungerne!!

MARC

LEADER 00000naa$a2200000$$$4500
001 0306031
005 20250113101758.4
041 0 |a slo 
044 |a SK 
245 1 0 |a Digitalizácia verejných financií v zahraničí a na Slovensku  |c Tomáš Malinovský 
520 |a Verejné financie predstavujú základný nástroj na dosahovanie hospodárskej a sociálnej stability štátu. Ich efektívne riadenie je však čoraz náročnejšie v kontexte globálnych ekonomických výziev, ako sú klimatické zmeny, starnutie populácie a technologické inovácie. Klasické prístupy k alokácii verejných výdavkov často nedokážu reagovať na dynamické potreby modernej spoločnosti. 
610 2 0 |a financie verejné 
610 2 0 |a politika fiškálna 
610 2 0 |a digitalizácia 
610 2 0 |a stabilita hospodárstva 
610 2 0 |a politika menová 
100 1 |a Malinovský, Tomáš, 1997-